000 00619cam a2200217 4500500
005 20260405001004.0
041 _afre
042 _adc
100 1 0 _aEnjalbert, Cédric
_eauthor
245 0 0 _aJean Baudrillard. L’homme objet
260 _c2010.
500 _a50
690 _aAmérique
690 _aConsommation
690 _aGuerre
690 _aJean Baudrillard
690 _aObjet
690 _aRéel
786 0 _nPhilosophie magazine | 42 | 9 | 2010-09-01 | p. 33-34 | 1951-1787
856 4 1 _uhttps://shs.cairn.info/magazine-philosophie-magazine-2010-9-page-33?lang=fr&redirect-ssocas=7080
999 _c2042918
_d2042918